Normal view MARC view
  • Administrative acts

Entry Topical Term

Number of records used in: 1

001 - CONTROL NUMBER

  • control field: 5046

003 - CONTROL NUMBER IDENTIFIER

  • control field: OSt

005 - DATE AND TIME OF LATEST TRANSACTION

  • control field: 20170516123536.0

008 - FIXED-LENGTH DATA ELEMENTS

  • fixed length control field: 170516|| aca||aabn | a|a d

040 ## - CATALOGING SOURCE

  • Original cataloging agency: OSt
  • Transcribing agency: OSt

150 ## - HEADING--TOPICAL TERM

  • Topical term or geographic name entry element: Administrative acts
  • General subdivision: Law and legislation
  • Geographic subdivision: Malaysia

670 ## - SOURCE DATA FOUND

  • Source citation: Work cat.: (OSt): Malaysia Kementerian Perdagangan Antarabangsa dan Industri 514, Akta Perdagangan Strategik 2010 : Peraturan-Peraturan Perdagangan Strategik ( Resolusi Majlis Keselamatan Pertubuhan Bangsa-Bangsa Bersatu) 2010 [P.U.(A) 481/2010] =, 2010.
Pusat Sumber Maklumat Dato' Haji Sarmin Md Hussin, Akademi Kastam Diraja Malaysia, Melaka
Tel: 06-2331106 | Faks: 06-2313787